|
|
|
|
| LEADER |
01625cas a2200241 a 4500 |
| 001 |
AALejournalIMF007021 |
| 008 |
230101c9999 xx r poo 0 0eng d |
| 020 |
|
|
|c 5.00 USD
|
| 020 |
|
|
|z 9781455216611
|
| 022 |
|
|
|a 1934-7685
|
| 040 |
|
|
|a BD-DhAAL
|c BD-DhAAL
|
| 110 |
2 |
|
|a International Monetary Fund.
|
| 245 |
1 |
0 |
|a Republic of Estonia :
|b Staff Report for the 2010 Article IV Consultation.
|
| 264 |
|
1 |
|a Washington, D.C. :
|b International Monetary Fund,
|c 2011.
|
| 300 |
|
|
|a 1 online resource (59 pages)
|
| 490 |
1 |
|
|a IMF Staff Country Reports
|
| 500 |
|
|
|a <strong>Off-Campus Access:</strong> No User ID or Password Required
|
| 500 |
|
|
|a <strong>On-Campus Access:</strong> No User ID or Password Required
|
| 506 |
|
|
|a Electronic access restricted to authorized BRAC University faculty, staff and students
|
| 520 |
3 |
|
|a Despite enduring one of the sharpest contractions in the EU, Estonia has been successful in its all-out efforts to join the euro area. Core prices have also begun increasing but at a moderate rate. Recent wage increases have defied not only high unemployment but also increases in vacancies and long-term unemployment. Executive Directors welcomed the authorities' medium-term goal of returning to budget surpluses to restore fiscal reserves and keep public debt at low levels. Directors observed that the financial sector had weathered the crisis relatively well.
|
| 538 |
|
|
|a Mode of access: Internet
|
| 830 |
|
0 |
|a IMF Staff Country Reports; Country Report ;
|v No. 2011/034
|
| 856 |
4 |
0 |
|z Full text available on IMF
|u http://elibrary.imf.org/view/journals/002/2011/034/002.2011.issue-034-en.xml
|z IMF e-Library
|